ကချင်ရိုးရာ သုတပဒေသာ / (Record no. 27170)

000 -LEADER
fixed length control field 01076nam a22002057a 4500
005 - DATE AND TIME OF LATEST TRANSACTION
control field 20260122160542.0
008 - FIXED-LENGTH DATA ELEMENTS--GENERAL INFORMATION
fixed length control field 230713b ||||| |||| 00| 0 eng d
040 ## - CATALOGING SOURCE
Transcribing agency SSBUL
Modifying agency SSBUL
082 ## - DEWEY DECIMAL CLASSIFICATION NUMBER
Edition number 23
Classification number ၉၅၉.၁၁ မဲ ၁၅၉၉၈ (S-SAT)
100 ## - MAIN ENTRY--PERSONAL NAME
Personal name မဲဇာ။
9 (RLIN) 27938
245 ## - TITLE STATEMENT
Title ကချင်ရိုးရာ သုတပဒေသာ /
Statement of responsibility, etc. မဲဇာ။
250 ## - EDITION STATEMENT
Edition statement ဒုတိယအကြိမ်။
260 ## - PUBLICATION, DISTRIBUTION, ETC.
Place of publication, distribution, etc. ရန်ကုန်၊
Name of publisher, distributor, etc. မိုးကြည်စာပေ၊
Date of publication, distribution, etc. ၁၉၉၆။
300 ## - PHYSICAL DESCRIPTION
Extent ၁၈၂ စာမျက်နှာ၊
Other physical details ရုပ်ပုံများ၊
Dimensions ၁၈ စင်တီ။
500 ## - GENERAL NOTE
General note S-SAT: Dr. Prof Sai Aung Tun
650 ## - SUBJECT ADDED ENTRY--TOPICAL TERM
Topical term or geographic name entry element ကချင်တိုင်းရင်းသား
General subdivision ယဉ်ကျေးမှုနှင့်ဓလေ့ထုံးစံ။
9 (RLIN) 27939
651 ## - SUBJECT ADDED ENTRY--GEOGRAPHIC NAME
Geographic name ကချင်ပြည်နယ်။
9 (RLIN) 27940
Geographic name မြန်မာနိုင်ငံ
General subdivision ယဉ်ကျေးမှုနှင့် ဓလေ့ထုံးစံ။
9 (RLIN) 27941
942 ## - ADDED ENTRY ELEMENTS (KOHA)
Source of classification or shelving scheme
Koha item type Book (Short term)
Holdings
Withdrawn status Lost status Source of classification or shelving scheme Damaged status Not for loan Collection code Permanent Location Current Location Shelving location Date acquired Total Checkouts Full call number Barcode Date last seen Price effective from Koha item type Accession
          Special Collections Shan State Buddhist University Library Shan State Buddhist University Library Special Collection Shelves 13/07/2023   ၉၅၉.၁၁ မဲ ၁၅၉၉၈ (S-SAT) MB00015998 13/07/2023 13/07/2023 Book (Short term) ၁၅၉၉၈ (S-SAT)

Library - 09407999929
Admin Office - 09407999979
Dean Office - 09250910768
Registrar Office - 09892297154
Email - [email protected]
Shan State Buddhist University, Phaya Phyu Taunggyi, Shan State, Myanmar.